00685nam a22002057a 4500003000500000005001700005008004100022010001100063011001100074020001500085035001100100040000900111082001700120100002700137245015500164260004900319300002500368650003000393650005600423CHAP20220329143850.0120328s2006 us r 00010 eng d a102960 a103932 a1581129998 a114621 cCHAP04a630.21bT23y1 aTeh, Christopher B. S.10aIntroduction to mathematical modeling of crop growth :bhow the equations are derived and assembled into a computer modelc/ por Christopher B. S. Teh aFlorida, E.U.A. :bBrown Walker Press,c2006 axix, 256 p. :bilus.04aAgriculturaxMatematicas.04aProcesamiento automático de datos en agricultura.